000 00512nam a2200181Ia 4500
003 GCL
008 140319s9999 xx 000 0 eng d
040 _aGCL /
_cGCL
082 0 4 _a331
_bV C
100 1 _aVERRET, MICHEL
245 1 0 _aCHEVILLES OUVRIESES PUBLIE AVEC LE CONCOURS DU CENTRE NATIONAL DU LIVRE /
_cVERRET, MICHEL
260 _a[S.N] :
_bLES EDITIONS DE L'ATELIUR ،
_c1995
300 _a254 P
650 0 4 _aECONOMICS
650 0 4 _aLABOR - ECONOMICS
650 0 4 _aLABOR MARKET
942 _2ddc
_cBK
999 _c16399
_d16399